Catálogo

EL HOMBRE Y EL ANIMAL : (Registro nro. 54607)

Detalles MARC
000 -LEADER
fixed length control field 00786nam a2200205 a 4500
001 - CONTROL NUMBER
control field 54607
005 - DATE AND TIME OF LATEST TRANSACTION
control field 20180714045533.0
008 - FIXED-LENGTH DATA ELEMENTS--GENERAL INFORMATION
fixed length control field 140415s2008 sp 000 0 spa d
020 ## - INTERNATIONAL STANDARD BOOK NUMBER
International Standard Book Number 9788479149291
041 ## - LANGUAGE CODE
Language code of text/sound track or separate title spa
082 ## - DEWEY DECIMAL CLASSIFICATION NUMBER
Classification number 128
Item number PRI
100 1# - MAIN ENTRY--PERSONAL NAME
Personal name PRIETO LOPEZ, LEOPOLDO
245 13 - TITLE STATEMENT
Title EL HOMBRE Y EL ANIMAL :
Remainder of title NUEVAS FRONTERAS DE LA ANTROPOLOGIA
250 ## - EDITION STATEMENT
Edition statement 1a ed.
260 ## - PUBLICATION, DISTRIBUTION, ETC.
Place of publication, distribution, etc. ESPAÑA :
Name of publisher, distributor, etc. BIBLIOTECA DE AUTORES CRISTIANOS,
Date of publication, distribution, etc. 2008
300 ## - PHYSICAL DESCRIPTION
Extent 418
Dimensions 13.7 x 3.2 x 20.5
490 ## - SERIES STATEMENT
Series statement ESTUDIOS Y ENSAYOS / BIBLIOTECA DE AUTORES
Volume/sequential designation FILOSOFIA Y CIENCIAS CRISTIANOS
520 ## - SUMMARY, ETC.
Summary, etc. ES UNA SINTESIS DE DIVERSAS INVESTIGACIONES INTERDISCIPLINARIAS EN LA SQUE DIALOGAN CIENCIA Y FILOSOFIA SOBRE EL APOSANIANTE TEMA DEL HOMBRE.
650 14 - SUBJECT ADDED ENTRY--TOPICAL TERM
Topical term or geographic name entry element ANTROPOLOGIA FILOSOFICA
Existencias
Withdrawn status Lost status Source of classification or shelving scheme Damaged status Not for loan Collection code Home library Current library Shelving location Date acquired Source of acquisition Inventory number Total Checkouts Full call number Barcode Date last seen Price effective from Koha item type
    Dewey Decimal Classification     General Centro de Estudios en Ciencia y Religión Centro de Estudios en Ciencia y Religión Sala general 03/12/2013 Compra 151000000000000000078142   128 PRI 81806 05/01/2026 20/11/2015 Libro
    Dewey Decimal Classification     General Centro de Estudios en Ciencia y Religión Centro de Estudios en Ciencia y Religión Sala general 03/12/2013 Compra     128 PRI 83101   20/11/2015 Libro